Cities With The Tallest Skylines - Statistics

General Stats
  • This quiz has been taken 28 times
  • The average score is 14 of 20
Answer Stats
Hint Answer % Correct
323.9m Dubai
100%
229.1m New York City
96%
264.4m Shanghai
93%
247.0m Chicago
89%
211.7m Tokyo
89%
242.4m Hong Kong
85%
209.1m Toronto
81%
256.8m Guangzhou
74%
223.2m Jakarta
74%
216.9m Singapore
74%
233.3m Kuala Lumpur
70%
220.9m Mumbai
67%
225.4m Wuhan
67%
296.1m Shenzhen
63%
217.3m Bangkok
59%
208.2m Melbourne
48%
218.6m Tianjin
48%
234.7m Chongqing
44%
216.2m Nanjing
22%
217.7m Nanning
7%
No matching quizzes found
Score Distribution
Percent of People with Each Score
Percentile by Number Answered
Your Score History
You have not taken this quiz